| 000 | 00456nam a2200181Ia 4500 | ||
|---|---|---|---|
| 005 | 20250603145846.0 | ||
| 008 | 250603s9999 xx 000 0 und d | ||
| 020 | _a0-321-11362-4 | ||
| 050 | _aHG 173 .M632/ | ||
| 100 | _aFederic S. Mishkin | ||
| 245 | 4 | _aThe economics of money, banking and financial markets | |
| 260 | _aMassachusetts | ||
| 260 | _bAddison Wesley | ||
| 260 | _c2003 | ||
| 300 | _a736 p | ||
| 650 | _aMassachusetts | ||
| 942 | _cBK | ||
| 999 |
_c43069 _d43069 |
||